[Event "Charlotte Spring op"]
[Site "Charlotte USA"]
[Date "2025.03.30"]
[Round "5"]
[White "Preotu, Razvan"]
[Black "Chasin, Nico Werner"]
[Result "1-0"]
[WhiteElo "2470"]
[BlackElo "2426"]
[WhiteFideId "-1"]
[WhiteFideId "-1"]
[PlyCount "109"]
[GameId "2161585270683047"]
[EventDate "2025.03.28"]
[EventType "swiss"]
[EventRounds "5"]
[EventCountry "USA"]
[SourceTitle "Mega2025 Update 22"]
[Source "Chessbase"]
[SourceDate "2025.04.05"]
[SourceVersion "1"]
[SourceVersionDate "2025.04.05"]
[SourceQuality "1"]

1. Nf3 d5 2. g3 Bg4 3. Bg2 Nd7 4. O-O c6 5. h3 Bh5 6. d4 e6 7. c4 Ngf6 8. cxd5 exd5 9. Ne5 Nxe5 {9...Ne4 gains popularity. 9...Se4 wird beliebter.} 10. dxe5 Ne4 11. Nd2 Nxd2 12. Bxd2 f6 $146 (12... Bc5 13. Rc1 Qe7 14. Kh2 O-O 15. g4 Bg6 16. f4 h6 17. Qe1 Rfe8 18. Qg3 Bh7 {1-0 Nepomniachtchi,I (2766)-Duda,J (2750) Candidates Tournament Madrid 2022 (6)}) 13. Qb3 Qb6 14. exf6 Qxb3 15. axb3 gxf6 16. b4 Bd6 17. b5 Kd7 18. bxc6+ bxc6 19. e4 d4 20. Rfc1 c5 21. f4 d3 22. Bc3 c4 23. Ra5 Be2 24. Rd5 Ke7 25. Ra1 Bc7 26. Bb4+ Ke8 27. Bc5 a5 28. Kf2 Rb8 29. Bd4 Ke7 30. Ra4 Rhd8 31. Rxc4 Rxd5 32. exd5 Bb6 33. d6+ Kd7 34. Ke3 f5 35. h4 Bxd4+ 36. Rxd4 Rxb2 37. Bc6+ Kd8 38. Rd5 Rb6 39. Ba4 Bf1 40. d7 Bg2 41. Rxf5 Re6+ 42. Kd2 Bc6 43. Bxc6 Rxc6 44. Rxa5 h6 45. Rd5 Rc2+ 46. Ke3 Re2+ 47. Kf3 Rd2 48. g4 Rd1 49. g5 d2 50. gxh6 Rf1+ 51. Kg4 Rg1+ 52. Kh5 d1=B+ 53. Rxd1 Rxd1 54. h7 Rd5+ 55. Kg4 1-0

[Event "Ontario op"]
[Site "Brantford CAN"]
[Date "2025.05.17"]
[Round "1.1"]
[White "Deepak, Laksshana"]
[Black "Preotu, Razvan"]
[Result "0-1"]
[WhiteElo "1871"]
[BlackElo "2473"]
[WhiteFideId "-1"]
[WhiteFideId "-1"]
[PlyCount "84"]
[GameId "2178479537786880"]
[EventDate "2025.05.17"]
[EventType "swiss"]
[EventRounds "6"]
[EventCountry "CAN"]

1. e4 c5 2. Nf3 d6 3. d4 cxd4 4. Nxd4 Nf6 5. Nc3 a6 6. Be2 e5 7. Nb3 Be7 8. O-O O-O 9. Be3 Be6 10. Nd5 Nbd7 11. Qd3 Bxd5 12. exd5 Rc8 13. c4 h5 14. Rac1 g6 15. f4 exf4 16. Bxf4 Ne5 17. Bxe5 dxe5 18. Kh1 b6 19. Rcd1 Bd6 20. Nd2 Kg7 21. Rf2 Qe7 22. Bf3 Nd7 23. Ne4 Nc5 24. Nxc5 bxc5 25. Rdf1 f5 26. Qc3 h4 27. Bd1 Qf6 28. Bc2 Rce8 29. g4 hxg3 30. Qxg3 e4 31. Qg2 Qe5 32. Qg5 Rh8 33. Qg1 Rh6 34. Re1 Reh8 35. Ree2 e3 36. Rg2 Qf4 37. Qxe3 Rxh2+ 38. Rxh2 Rxh2+ 39. Kg1 Qg4+ 40. Kf1 Rh1+ 41. Kf2 Qg1+ 42. Kf3 Qg3# 0-1

[Event "Ontario op"]
[Site "Brantford CAN"]
[Date "2025.05.17"]
[Round "2.1"]
[White "Preotu, Razvan"]
[Black "Lalonde, Olivier"]
[Result "1-0"]
[WhiteElo "2473"]
[BlackElo "2089"]
[WhiteFideId "-1"]
[WhiteFideId "-1"]
[PlyCount "41"]
[GameId "2178568364802048"]
[EventDate "2025.05.17"]
[EventType "swiss"]
[EventRounds "6"]
[EventCountry "CAN"]

1. Nf3 f5 2. g3 Nf6 3. Bg2 d6 4. d4 g6 5. c3 e6 6. O-O Nc6 7. c4 Bg7 8. d5 Nb8 9. dxe6 Bxe6 10. Ng5 Bc8 11. Qb3 Nc6 12. Rd1 Qe7 13. Nc3 h6 14. Nh3 Qf7 15. Nf4 Ne5 16. c5 dxc5 17. Be3 O-O 18. Bxc5 Re8 19. Nb5 g5 20. Nxc7 gxf4 21. Nxe8 1-0

[Event "Ontario op"]
[Site "Brantford CAN"]
[Date "2025.05.19"]
[Round "5.2"]
[White "Joseph Benher, Savio"]
[Black "Preotu, Razvan"]
[Result "0-1"]
[WhiteElo "2115"]
[BlackElo "2473"]
[WhiteFideId "-1"]
[WhiteFideId "-1"]
[PlyCount "56"]
[GameId "2179213729828864"]
[EventDate "2025.05.17"]
[EventType "swiss"]
[EventRounds "6"]
[EventCountry "CAN"]

1. e4 c5 2. Nf3 d6 3. d4 cxd4 4. Nxd4 Nf6 5. Nc3 a6 6. Be2 e5 7. Nb3 Be7 8. Be3 Be6 9. Qd3 Nbd7 10. Nd5 Bxd5 11. exd5 Rc8 12. c4 O-O 13. g4 e4 14. Qd4 Ne5 15. g5 Nfg4 16. Bxg4 Nxg4 17. Nd2 Nxe3 18. fxe3 Bxg5 19. Nxe4 Bh4+ 20. Ke2 f5 21. Rhg1 Rc7 22. Ng3 Bf6 23. Qd3 Bxb2 24. Rab1 Qh4 25. Rg2 Be5 26. c5 Rxc5 27. Rxb7 Qg4+ 28. Kd2 Qf3 0-1

[Event "Ontario op"]
[Site "Brantford CAN"]
[Date "2025.05.19"]
[Round "6.1"]
[White "Preotu, Razvan"]
[Black "Jaferian, Koosha"]
[Result "1-0"]
[WhiteElo "2473"]
[BlackElo "2292"]
[WhiteFideId "-1"]
[WhiteFideId "-1"]
[PlyCount "61"]
[GameId "2179298379321344"]
[EventDate "2025.05.17"]
[EventType "swiss"]
[EventRounds "6"]
[EventCountry "CAN"]

1. e4 c6 2. d4 d5 3. e5 Bf5 4. h4 h5 5. Bd3 Bxd3 6. Qxd3 Qa5+ 7. b4 Qa6 8. Qd1 e6 9. c3 Ne7 10. Ne2 Nd7 11. Nf4 g6 12. Nd3 Nf5 13. Bg5 b6 14. a4 c5 15. Na3 Rc8 16. Nb5 Bh6 17. Bxh6 Rxh6 18. Qd2 Rh8 19. f3 Kf8 20. Kf2 Nh6 21. Nd6 Rc7 22. a5 bxa5 23. Rxa5 Qb6 24. Rb5 Qc6 25. bxc5 Kg7 26. Qg5 Nf5 27. Rhb1 Qa8 28. Rb7 Rxb7 29. Rxb7 Nxd6 30. Rxd7 Ne8 31. Nf4 1-0

[Event "CAN-ch"]
[Site "Toronto CAN"]
[Date "2025.04.17"]
[Round "1.2"]
[White "Zhong, Ryan Yunhui"]
[Black "Preotu, Razvan"]
[Result "0-1"]
[WhiteElo "2078"]
[BlackElo "2470"]
[WhiteFideId "-1"]
[WhiteFideId "-1"]
[PlyCount "92"]
[GameId "2170886163420493"]
[EventDate "2025.04.17"]
[EventType "swiss"]
[EventRounds "9"]
[EventCountry "CAN"]

1. e4 e6 2. d4 d5 3. Nd2 c5 4. exd5 Qxd5 5. Ngf3 cxd4 6. Bc4 Qd7 7. O-O Nc6 8. Nb3 a6 9. a4 Nf6 10. Nbxd4 Nxd4 11. Qxd4 Qxd4 12. Nxd4 Bd7 13. c3 Bc5 14. Nb3 Ba7 15. Bf4 O-O-O 16. Be5 Bc6 17. Bd4 Bxd4 18. Nxd4 Bd5 19. Bxd5 Rxd5 20. f3 Rhd8 21. Kf2 e5 22. Nb3 Ne8 23. Rac1 Nd6 24. Rfd1 Rxd1 25. Rxd1 Nc4 26. Rxd8+ Kxd8 27. Nc5 Nxb2 28. Nxb7+ Kc7 29. Nc5 a5 30. Ke3 Kc6 31. Nb3 Kb6 32. Nd2 f6 33. f4 exf4+ 34. Kd4 Nxa4 35. Nc4+ Ka6 36. Nd6 Nb2 37. c4 a4 38. Nb5 Nd1 39. Na3 Kb7 40. Kd5 Kc7 41. Nb5+ Kd7 42. c5 Ne3+ 43. Kd4 Nxg2 44. Na7 f3 45. Kd5 Nf4+ 46. Ke4 f2 0-1

[Event "CAN-ch"]
[Site "Toronto CAN"]
[Date "2025.04.18"]
[Round "2.2"]
[White "Preotu, Razvan"]
[Black "Song, Ethan"]
[Result "1/2-1/2"]
[WhiteElo "2470"]
[BlackElo "2291"]
[WhiteFideId "-1"]
[WhiteFideId "-1"]
[PlyCount "177"]
[GameId "2170886164653396"]
[EventDate "2025.04.17"]
[EventType "swiss"]
[EventRounds "9"]
[EventCountry "CAN"]

1. Nf3 Nf6 2. c4 e6 3. Nc3 d5 4. e3 b6 5. cxd5 Nxd5 6. Nxd5 exd5 7. b3 Be7 8. Bb2 O-O 9. Rc1 Bb7 10. Be2 Nd7 11. O-O Rc8 12. Rc2 Bf6 13. b4 c5 14. Bxf6 Qxf6 15. Bb5 Ne5 16. Nxe5 Qxe5 17. bxc5 bxc5 18. Qf3 Qe7 19. Rfc1 c4 20. Qg4 Rc7 21. Rc3 Bc8 22. Qf4 Rc5 23. Ba4 Ra5 24. Bd1 Rxa2 25. d3 Be6 26. h4 Ra3 27. Be2 Rxc3 28. Rxc3 Qb4 29. Qd4 Qb1+ 30. Bf1 a5 31. Ra3 Qb4 32. Qa1 Rc8 33. dxc4 dxc4 34. Ra4 Qd2 35. Ra2 Qd8 36. Qc3 Qxh4 37. Rxa5 h6 38. g3 Qe4 39. Bg2 Qb1+ 40. Kh2 Rb8 41. Ra1 Qf5 42. Qd2 c3 43. Qxc3 Qxf2 44. Qe1 Qf6 45. Ra8 Rxa8 46. Bxa8 Qb2+ 47. Kg1 h5 48. Bf3 Qe5 49. Qf2 g6 50. Bg2 Kg7 51. Qf4 Qa1+ 52. Kh2 Kh7 53. Qf2 Qc1 54. Qf4 Qd2 55. Kg1 Qa2 56. Qf2 Qa5 57. Qf4 Bd5 58. Bxd5 Qxd5 59. Qf6 Qe6 60. Qf4 Kg8 61. Qb8+ Kg7 62. Qf4 Qg4 63. Qe5+ Kh7 64. Kf2 h4 65. gxh4 Qxh4+ 66. Kg2 Qh5 67. Qf6 Qd5+ 68. Kg3 Qe6 69. Qh4+ Kg7 70. Qd4+ f6 71. Kg2 g5 72. Kf2 Qf5+ 73. Kg2 g4 74. Qa7+ Kg6 75. Qa8 Qe6 76. Kf2 Kg5 77. Qb7 Qf5+ 78. Kg3 Qe5+ 79. Kg2 f5 80. Qb6 Qd5+ 81. Kg1 Qd2 82. Qe6 Qe1+ 83. Kg2 Qe2+ 84. Kg1 g3 85. Qg8+ Kh4 86. Qd8+ Kg4 87. Qd4+ Kh3 88. Qh8+ Kg4 89. Qd4+ 1/2-1/2

[Event "CAN-ch"]
[Site "Toronto CAN"]
[Date "2025.04.18"]
[Round "3.5"]
[White "Wang, Harry"]
[Black "Preotu, Razvan"]
[Result "0-1"]
[WhiteElo "2181"]
[BlackElo "2470"]
[WhiteFideId "-1"]
[WhiteFideId "-1"]
[PlyCount "52"]
[GameId "2170886164653406"]
[EventDate "2025.04.17"]
[EventType "swiss"]
[EventRounds "9"]
[EventCountry "CAN"]

1. d4 Nf6 2. c4 g6 3. Nc3 d5 4. Qb3 dxc4 5. Qxc4 Be6 6. Qb5+ Bd7 7. Qb3 c5 8. dxc5 Na6 9. Qc2 Nxc5 10. e4 Rc8 11. Qe2 Qa5 12. Bd2 Nb3 13. Rb1 Nxd2 14. Qxd2 b5 15. Bd3 b4 16. Nce2 Ng4 17. b3 Bh6 18. Qb2 Ne5 19. Rd1 Bg7 20. Qd2 Nxd3+ 21. Qxd3 Bb5 22. Qd2 O-O 23. a4 Rfd8 24. Qa2 Rxd1+ 25. Kxd1 Bd3 26. Qd2 Rd8 0-1

[Event "CAN-ch"]
[Site "Toronto CAN"]
[Date "2025.04.19"]
[Round "5.6"]
[White "Moses, Neil"]
[Black "Preotu, Razvan"]
[Result "0-1"]
[WhiteElo "2148"]
[BlackElo "2470"]
[WhiteFideId "-1"]
[WhiteFideId "-1"]
[PlyCount "134"]
[GameId "2170886165194093"]
[EventDate "2025.04.17"]
[EventType "swiss"]
[EventRounds "9"]
[EventCountry "CAN"]

1. Nf3 c5 2. c4 Nf6 3. g3 Nc6 4. Bg2 d5 5. cxd5 Nxd5 6. O-O e5 7. d3 Be7 8. Bd2 O-O 9. Nc3 Nc7 10. Rc1 b6 11. a3 Rb8 12. b4 cxb4 13. Na2 Bb7 14. Nxb4 Bxb4 15. axb4 Nb5 16. Qa4 Ncd4 17. Nxd4 Nxd4 18. Rfe1 Bxg2 19. Kxg2 Qd5+ 20. Kg1 h5 21. Be3 Nb5 22. Qc2 Rbc8 23. Qb2 e4 24. dxe4 Qxe4 25. h4 Rfe8 26. Rxc8 Rxc8 27. Qd2 Nc3 28. Qd7 Re8 29. Qxa7 Qg4 30. Bxb6 Nxe2+ 31. Kh2 Kh7 32. Qa2 Re4 33. Qc2 f5 34. Rxe2 Rxe2 35. Qd3 Re1 36. Kg2 Qg6 37. Be3 Qc6+ 38. f3 Qe6 39. Bf2 Re2 40. b5 Rb2 41. b6 Kg6 42. Kg1 Rb3 43. Qd1 Kh7 44. Kg2 Rb2 45. Qd3 Rb3 46. Qd1 f4 47. Qc2+ Kh6 48. gxf4 Qg6+ 49. Qxg6+ Kxg6 50. Kg3 Kf5 51. Bd4 g6 52. Bf2 Ke6 53. Bg1 Rb4 54. Bc5 Rb5 55. Bf2 Kd6 56. Bd4 Kd5 57. Bf2 Kc4 58. Bg1 Kd3 59. Bf2 Ke2 60. Kg2 Rb3 61. Bc5 Rxf3 62. Bd6 Rb3 63. Bc7 Ke3 64. Kf1 Rb2 65. Kg1 Kf3 66. Kh1 Kg3 67. f5+ Kh3 0-1

[Event "CAN-ch"]
[Site "Toronto CAN"]
[Date "2025.04.21"]
[Round "7.4"]
[White "Preotu, Razvan"]
[Black "Ng, Gary"]
[Result "1-0"]
[WhiteElo "2470"]
[BlackElo "2210"]
[WhiteFideId "-1"]
[WhiteFideId "-1"]
[PlyCount "71"]
[GameId "2170886165210489"]
[EventDate "2025.04.17"]
[EventType "swiss"]
[EventRounds "9"]
[EventCountry "CAN"]

1. e4 c6 2. d4 d5 3. e5 c5 4. dxc5 e6 5. Qh5 Bxc5 6. Bd3 Qb6 7. Nh3 Nc6 8. c3 Qc7 9. Bf4 Nge7 10. b4 Bb6 11. O-O Ng6 12. Bg3 a5 13. Na3 axb4 14. Nb5 Qe7 15. Nd6+ Kf8 16. Rae1 Bd7 17. c4 dxc4 18. Bxc4 Ra3 19. Ng5 Rxg3 20. hxg3 Ncxe5 21. Ndxf7 Nxc4 22. Nxh8 Nxh8 23. Re4 Nd6 24. Rf4+ Nf5 25. g4 h6 26. gxf5 Qxg5 27. Qxg5 hxg5 28. Rxb4 Ba5 29. Rxb7 Be8 30. fxe6 Ng6 31. Rc1 Nf4 32. e7+ Kf7 33. Rc5 Bd2 34. Rf5+ Kg6 35. Rf8 Bc6 36. Rb6 1-0

[Event "CAN-ch"]
[Site "Toronto CAN"]
[Date "2025.04.22"]
[Round "9.1"]
[White "Noritsyn, Nikolay"]
[Black "Preotu, Razvan"]
[Result "1/2-1/2"]
[WhiteElo "2450"]
[BlackElo "2470"]
[WhiteFideId "-1"]
[WhiteFideId "-1"]
[PlyCount "134"]
[GameId "2170886165222788"]
[EventDate "2025.04.17"]
[EventType "swiss"]
[EventRounds "9"]
[EventCountry "CAN"]

1. e4 c5 2. Nf3 d6 3. d4 cxd4 4. Nxd4 Nf6 5. Nc3 a6 6. Be3 e6 7. a3 b5 8. g4 d5 9. g5 Nxe4 10. Nxe4 dxe4 11. Bg2 Bb7 12. Qg4 Nd7 13. Bxe4 Bxe4 14. Qxe4 Rc8 15. O-O-O Nc5 16. Qg4 Qd5 17. Kb1 Qe4 18. Qh3 Be7 19. g6 fxg6 20. Rhe1 Qh4 21. Qg2 O-O 22. Nc6 Na4 23. Bd4 Bf6 24. Rxe6 Kh8 25. f4 Qh5 26. Rd2 Nc5 27. Re1 Bxd4 28. Rxd4 Qh4 29. Re5 Qf6 30. Ne7 Rc7 31. Nd5 Qc6 32. Qf2 Rd7 33. Nb4 Qf6 34. Rxd7 Nxd7 35. Rd5 Nb6 36. Rd1 g5 37. f5 g6 38. b3 gxf5 39. Qc5 Rc8 40. Qe3 a5 41. Nd5 Nxd5 42. Rxd5 f4 43. Qd3 Rf8 44. Rd6 Qf5 45. Qd4+ Kg8 46. Rd7 Qf6 47. Qd5+ Kh8 48. Rd6 Qf7 49. Qxg5 f3 50. Rd1 f2 51. Rf1 Re8 52. Qd2 Rf8 53. Qxa5 Qf5 54. Qc3+ Rf6 55. Qg3 h6 56. Qe3 Kg7 57. Kc1 Kg6 58. Qe8+ Kg5 59. Qe3+ Kh5 60. Qg3 Qg5+ 61. Qxg5+ hxg5 62. Kd2 Kg4 63. Ke2 Kh3 64. Rxf2 Rxf2+ 65. Kxf2 Kxh2 66. Kf3 Kh3 67. Kf2 Kh2 1/2-1/2

[Event "Eastern Ontario op"]
[Site "Ottawa CAN"]
[Date "2025.06.13"]
[Round "1.3"]
[White "Preotu, Razvan"]
[Black "Iordanescu, Victor Nicolae"]
[Result "1-0"]
[WhiteElo "2557"]
[BlackElo "2041"]
[WhiteFideId "-1"]
[WhiteFideId "-1"]
[PlyCount "81"]
[GameId "2189339054751971"]
[EventDate "2025.06.13"]
[EventType "swiss"]
[EventRounds "5"]
[EventCountry "CAN"]

1. e4 c5 2. Nf3 d6 3. d4 cxd4 4. Nxd4 Nf6 5. Nc3 a6 6. Be3 e5 7. Nb3 Be6 8. h3 Nbd7 9. g4 h6 10. Qd2 Be7 11. O-O-O Rc8 12. Kb1 b5 13. f4 b4 14. Nd5 Nxe4 15. Qg2 Bxd5 16. Rxd5 exf4 17. Bxf4 Ndc5 18. Bxa6 Nc3+ 19. bxc3 Nxa6 20. Qe2 Rc6 21. Qb5 Qb6 22. Re1 Qxb5 23. Rxb5 Kd7 24. cxb4 Rhc8 25. Bd2 Bf6 26. Rb7+ R8c7 27. Rxc7+ Nxc7 28. Na5 Rb6 29. c4 Ne6 30. Rf1 Nc5 31. Kc2 Ne4 32. Be1 Ng5 33. h4 Ne6 34. Bc3 Nd4+ 35. Kd3 Ne6 36. Bxf6 gxf6 37. Kc3 Ke7 38. b5 d5 39. Nc6+ Kf8 40. a4 dxc4 41. Kxc4 1-0

[Event "Eastern Ontario op"]
[Site "Ottawa CAN"]
[Date "2025.06.14"]
[Round "2.3"]
[White "Azar, Sebastien"]
[Black "Preotu, Razvan"]
[Result "0-1"]
[WhiteElo "2201"]
[BlackElo "2557"]
[WhiteFideId "-1"]
[WhiteFideId "-1"]
[PlyCount "114"]
[GameId "2189339054784755"]
[EventDate "2025.06.13"]
[EventType "swiss"]
[EventRounds "5"]
[EventCountry "CAN"]

1. h3 c5 2. Nf3 Nf6 3. c3 d5 4. d4 e6 5. Bf4 Bd6 6. e3 O-O 7. Ne5 Qc7 8. Nd2 b6 9. Bd3 Ba6 10. Bxa6 Nxa6 11. Qe2 Nb8 12. O-O Nc6 13. Nxc6 Bxf4 14. exf4 Qxc6 15. Nf3 a6 16. Kh2 Rfc8 17. Rac1 cxd4 18. Nxd4 Qc4 19. Qxc4 Rxc4 20. Rfe1 g6 21. g4 Nd7 22. Re3 Rac8 23. Rce1 b5 24. a3 a5 25. Nxb5 Rb8 26. b3 Rxf4 27. Kg3 g5 28. Nd4 Nc5 29. f3 Nxb3 30. Rb1 a4 31. h4 Rxd4 32. cxd4 gxh4+ 33. Kxh4 Rc8 34. Rexb3 axb3 35. Rxb3 Rc4 36. Rd3 Kg7 37. Kg3 Kg6 38. Kf4 Kf6 39. Ke3 Kg5 40. Rd1 Ra4 41. Rd3 f5 42. gxf5 exf5 43. Kf2 Kf4 44. Kg2 Rc4 45. Rd2 Ke3 46. Ra2 Ra4 47. Kg3 f4+ 48. Kg4 h5+ 49. Kxh5 Kxf3 50. Kh4 Ke3 51. Kg4 f3 52. Kg3 Ra8 53. a4 Rg8+ 54. Kh2 f2 55. Ra1 Kxd4 56. a5 Ke3 57. a6 d4 0-1

[Event "Eastern Ontario op"]
[Site "Ottawa CAN"]
[Date "2025.06.15"]
[Round "4.4"]
[White "Wiebe, Isaac"]
[Black "Preotu, Razvan"]
[Result "1/2-1/2"]
[WhiteElo "2258"]
[BlackElo "2557"]
[WhiteFideId "-1"]
[WhiteFideId "-1"]
[PlyCount "53"]
[GameId "2190427943091852"]
[EventDate "2025.06.13"]
[EventType "swiss"]
[EventRounds "5"]
[EventCountry "CAN"]

1. Nf3 c5 2. c4 Nc6 3. d4 cxd4 4. Nxd4 Nf6 5. Nc3 e6 6. a3 Bc5 7. Nb3 Bb6 8. c5 Bc7 9. g3 O-O 10. Bg2 b6 11. cxb6 axb6 12. Nd4 Bb7 13. Nxc6 Bxc6 14. Bxc6 dxc6 15. Qc2 Ra5 16. O-O Qd4 17. Kg2 Rh5 18. h3 Nd5 19. Nxd5 Qxd5+ 20. e4 Qc5 21. Qxc5 Rxc5 22. Be3 Rb5 23. Rac1 Rxb2 24. Rxc6 Bd8 25. Rd1 Ra2 26. Bxb6 Bxb6 27. Rxb6 1/2-1/2

[Event "Eastern Ontario op"]
[Site "Ottawa CAN"]
[Date "2025.06.15"]
[Round "5.5"]
[White "Preotu, Razvan"]
[Black "Tan, Shuwen"]
[Result "1-0"]
[WhiteElo "2557"]
[BlackElo "1804"]
[WhiteFideId "-1"]
[WhiteFideId "-1"]
[PlyCount "61"]
[GameId "2190427943112343"]
[EventDate "2025.06.13"]
[EventType "swiss"]
[EventRounds "5"]
[EventCountry "CAN"]

1. e4 d6 2. d4 Nf6 3. Nc3 e5 4. Nge2 Be7 5. h3 O-O 6. g4 h6 7. Bg2 c6 8. O-O b5 9. Ng3 a5 10. Nce2 Qc7 11. f4 exd4 12. Nxd4 Bb7 13. Ndf5 Re8 14. g5 hxg5 15. fxg5 Nh7 16. Nxe7+ Rxe7 17. Nf5 Re6 18. Bf4 Qb6+ 19. Kh1 Na6 20. Nxd6 Rd8 21. e5 Rd7 22. Qg4 Qc7 23. Nxf7 Nf8 24. Nd6 Rde7 25. Bg3 Ng6 26. Rf6 gxf6 27. gxf6 Nc5 28. Qxg6+ Kh8 29. fxe7 Rxg6 30. e8=Q+ Kh7 31. Rf1 1-0

[Event "Ontario op"]
[Site "Brantford CAN"]
[Date "2025.05.18"]
[Round "3"]
[White "Mao, Fengxi"]
[Black "Preotu, Razvan"]
[Result "1/2-1/2"]
[Annotator "GMPat"]
[WhiteElo "2402"]
[BlackElo "2560"]
[WhiteFideId "-1"]
[WhiteFideId "-1"]
[PlyCount "90"]
[GameId "2180284565692690"]
[EventDate "2025.05.17"]
[EventType "swiss"]
[EventRounds "6"]
[EventCountry "CAN"]

{[%evp 0,90,11,27,13,-4,30,-2,0,-8,0,0,3,12,13,4,0,-6,-22,-28,-33,-20,-26,-9,-8,11,-13,-14,2,-7,-14,-9,-30,82,20,1,29,1,17,84,10,-29,14,50,18,8,21,7,1,1,-6,-14,-1,-12,1,7,22,9,-38,-46,57,-1,51,1,-1,-1,1,1,-1,1,35,147,56,26,67,13,46,58,40,28,41,49,41,1,1,41,45,35,1,1,129,1,194]} 1. Nf3 c5 2. b3 Nc6 3. Bb2 Nf6 4. c4 d5 5. cxd5 Nxd5 6. Nc3 Nxc3 7. dxc3 Qc7 8. Qc2 g6 9. g3 Bf5 10. e4 Bg4 11. Bg2 O-O-O 12. O-O Bh6 13. Bc1 Bxc1 14. Raxc1 Rd6 15. Ng5 Rhd8 16. Nxf7 Rd2 17. Qb1 Rf8 18. Ng5 h6 19. h3 hxg5 20. hxg4 Ne5 21. Rc2 Qd7 22. Rxd2 Qxd2 23. Qe1 Qxe1 24. Rxe1 Kc7 25. Rd1 e6 26. Rd2 Rf3 27. Rc2 Rd3 28. Kf1 b5 29. Ke2 c4 30. Bf1 a5 31. bxc4 bxc4 32. Bh3 Kc6 33. a4 Kc5 34. Bf1 Nd7 35. Ke1 Rd6 36. Be2 Rb6 37. Kd2 Rb1 38. Ra2 Nf6 39. f3 Nd7 40. Kc2 Rb3 41. Rb2 Rxb2+ 42. Kxb2 Nb6 43. Bd1 e5 44. Kc1 Kd6 45. Kd2 Ke6 1/2-1/2

[Event "Ontario op"]
[Site "Brantford CAN"]
[Date "2025.05.18"]
[Round "4"]
[White "Preotu, Razvan"]
[Black "Vettese, Nicholas"]
[Result "1/2-1/2"]
[Annotator "GMPat"]
[WhiteElo "2560"]
[BlackElo "2501"]
[WhiteFideId "-1"]
[WhiteFideId "-1"]
[PlyCount "49"]
[GameId "2190954202604553"]
[EventDate "2025.05.17"]
[EventType "swiss"]
[EventRounds "6"]
[EventCountry "CAN"]

{[%evp 0,35,17,32,10,24,28,10,25,12,16,6,14,-2,14,9,29,28,21,24,20,1,12,17,57,25,231,-154,-78,-24,-99,-99,-91,-83,-64,-51,-25,-79]} 1. Nf3 Nf6 2. c4 c6 3. Nc3 d5 4. e3 Nbd7 5. cxd5 cxd5 6. d4 e6 7. Bd3 Bd6 8. O-O O-O 9. Qc2 a6 10. Bd2 b5 11. e4 dxe4 12. Nxe4 Be7 13. Nc5 Nxc5 14. dxc5 Bxc5 15. Bg5 Be7 16. Rad1 Qb6 17. Ne5 Qc5 18. Qe2 Bb7 19. Bxf6 Bxf6 20. Nd7 Qc6 21. Bxh7+ Kxh7 22. Qh5+ Kg8 23. Nxf6+ gxf6 24. Qg4+ Kh7 25. Qh5+ 1/2-1/2